Dice que...[juego] /

Guardado en:
Formato: Objeto Físico
Publicado: Argentina : Bontus, [201?]
Materias:
Etiquetas: Agregar Etiqueta
Sin Etiquetas, Sea el primero en etiquetar este registro!
LEADER 00726nrm a22001695g 4500
001 CEM.cems019287
008 130507b201?##################0###0#####d
005 20220830110504.0
003 CEMS
245 0 0 |a Dice que...[juego] /  |c Bontus 
260 |a Argentina :  |b Bontus,  |c [201?] 
300 |a 1 juego ( 112 cartas "Dice que...", 10 cartas "A", 40 tarjetas Ja Ja, 8 vale 5, block anotador) ; en caja 15 x 19 x8 cm. + manual de instrucciones. 
490 J u |g Los diarios / Bontus 
500 |a Para 3 ó más jugadores a partir de 12 años y adultos objetivo: escribir chistes de acuerdo a la imagen de la carta o actuarlos. 
082 0 4 |a J793.734 
653 |a 1. juegos de palabras 
859 |a CEMS  |b BIB. CEMS - Ludoteca  |h J793.734  |i B639  |p 402.12  |t Ej.1